00433nam a22001097a 4500008004100000020001600041050002700057245013300084260003500217300002500252440004600277140904b xxu||||| |||| 00| 0 eng d a04068509401 aKD288.A64(1969 vol.2.) aThe All England Law Reports (1969 vol.2): incorporating the law times reports, law journal reports. /cedited by Paul H.Niekirk. aLondon:bReed Elserier,c1969. axxxix,1280p.:c23cm. pThe all England law reports 1969.vvol.2.